000 00477pab a2200169 454500
008 180718b2000 xxu||||| |||| 00| 0 eng d
100 _aAcemoglu, Daron
245 _aWhy did the west extend the franchise? democracy, inequality and growth in historical perspective
260 _c2000
300 _ap.1167-199
362 _aNov
650 _aDemocracy
650 _aElections
700 _aRobinson, James A.
773 _aQuarterly Journal of Economics
909 _a46863
999 _c46863
_d46863